Nomeie os países onde o euro é aceite - Sudden Death - Statistics

Estatísticas Gerais
  • Esse quiz foi jogado 73 vezes
  • A pontuação média é 6 de 20
Answers on the Grid
Answers color-coded by a green-red scale on the quiz's grid according to % correct below.
Noruega
Finlândia
Suécia
Irlanda
Lituânia
Malta
Gibraltar
Liechtenstein
Bélgica
Holanda
Chipre
Grécia
Luxemburgo
Andorra
Letónia
Alemanha
Polónia
Estónia
Turquia
Romênia
França
Macedônia
Itália
Áustria
Croácia
Albânia
Portugal
Eslovénia
Eslováquia
Espanha
 
Estatísticas das Respostas
Resposta % Correto
Itália
61%
Portugal
61%
Espanha
58%
França
55%
Bélgica
53%
Alemanha
47%
Holanda
47%
Croácia
32%
Áustria
29%
Grécia
29%
Eslovénia
26%
Finlândia
26%
Irlanda
26%
Luxemburgo
24%
Eslováquia
21%
Malta
13%
Estónia
11%
Letónia
11%
Lituânia
11%
Chipre
5%
Nenhum quiz correspondente encontrado
Distribuição das Pontuações
Porcentagem de Pessoas com Cada Pontuação
Percentil de Números Respondidos
Sua Pontuação Histórica
Você não jogou esse quiz